[Event "ch-RUS Blitz 2016"]
[Site "Sochi RUS"]
[Date "2016.10.04"]
[Round "6.20"]
[White "Dreev, Aleksey"]
[Black "Ivlev, Aleksey"]
[Result "1-0"]
[WhiteTitle "GM"]
[BlackTitle "FM"]
[WhiteElo "2660"]
[BlackElo "2259"]
[WhiteFideId "4100107"]
[BlackFideId "24185949"]
[EventDate "2016.10.04"]

1. d4 c5 2. d5 e5 3. dxe6 fxe6 4. e4 Nc6 5. Nc3 Nf6 6. Bc4 Ne5 7. Be2 Be7 8. f4
Nc6 9. e5 Ng8 10. Bd3 Nh6 11. Qh5+ Kf8 12. Nf3 Qe8 13. Qh3 Nd4 14. Nxd4 cxd4 15.
Nb5 Rb8 16. O-O a6 17. Nxd4 Bc5 18. Be3 Bxd4 19. Bxd4 Kg8 20. Bc5 b5 21. Bd6 Rb6
22. f5 exf5 23. Bxf5 Nxf5 24. Rxf5 h6 25. Rf8+ Qxf8 26. Bxf8 Kxf8 27. Rf1+ Ke8
28. Qf5 Re6 29. Qf7+ Kd8 30. Qxg7 Rhe8 31. Rf8 Rxe5 32. Qxe5 Rxf8 33. Qd6 Re8
34. Qb6+ Ke7 35. Qxh6 Bb7 36. g4 Kd8 37. Qf6+ Kc8 38. Kf2 Re6 39. Qf8+ Kc7 40.
g5 Be4 41. c3 Bb1 42. h4 Bg6 43. Qh8 Re8 44. Qf6 Bh5 45. Qh6 Bd1 46. g6 Re2+ 47.
Kf1 Re6 48. Qf4+ Kb7 49. g7 Be2+ 50. Kf2 Bc4 51. Qxc4 Rf6+ 52. Ke3 bxc4 53. g8=Q 1-0

[Event "ch-RUS Blitz 2016"]
[Site "Sochi RUS"]
[Date "2016.10.04"]
[Round "7.1"]
[White "Morozevich, Alexander"]
[Black "Ponkratov, Pavel"]
[Result "0-1"]
[WhiteTitle "GM"]
[BlackTitle "GM"]
[WhiteElo "2683"]
[BlackElo "2589"]
[WhiteFideId "4116992"]
[BlackFideId "4157800"]
[EventDate "2016.10.04"]

1. d4 Nf6 2. c4 e6 3. Nc3 Bb4 4. Qc2 c5 5. dxc5 O-O 6. a3 Bxc5 7. Nf3 b6 8. e4
Bb7 9. Bd3 h6 10. O-O Nc6 11. Bf4 Nh5 12. Bd2 Qf6 13. Ne2 a5 14. Bc3 Qe7 15.
Rad1 d6 16. Kh1 Nf6 17. Nc1 a4 18. Qe2 Ng4 19. Bc2 Nge5 20. Nd3 Nxf3 21. Qxf3
Nd4 22. Qg3 e5 23. Nxc5 bxc5 24. Bd3 f5 25. exf5 Nxf5 26. Qg4 Nh4 27. f3 Rf4 28.
Qg3 Nf5 29. Qe1 Nd4 30. Bd2 Rf7 31. Be4 Qe6 32. Rc1 Raf8 33. Rc3 Bxe4 34. Qxe4
Rb8 35. Bc1 Qf5 36. Qxf5 Rxf5 37. Re1 g5 38. h3 Kf7 39. Re4 Ke6 40. h4 gxh4 41.
Rxh4 h5 42. Re4 Rf6 43. Kh2 Rg8 44. Rd3 Rfg6 45. Rd2 Nb3 46. Rf2 Nxc1 47. f4 Rf6 0-1

[Event "ch-RUS Blitz 2016"]
[Site "Sochi RUS"]
[Date "2016.10.04"]
[Round "7.2"]
[White "Dubov, Daniil"]
[Black "Rakhmanov, Aleksandr"]
[Result "1-0"]
[WhiteTitle "GM"]
[BlackTitle "GM"]
[WhiteElo "2648"]
[BlackElo "2662"]
[WhiteFideId "24126055"]
[BlackFideId "4173708"]
[EventDate "2016.10.04"]

1. d4 Nf6 2. c4 d6 3. Nf3 g6 4. g3 Bg7 5. Bg2 c6 6. O-O O-O 7. b3 Bf5 8. Bb2 a5
9. Nc3 Ne4 10. Nh4 Nxc3 11. Bxc3 Bc8 12. Qd2 d5 13. Nf3 Nd7 14. cxd5 cxd5 15.
Ne5 Nf6 16. f3 b6 17. Rfc1 Bb7 18. b4 axb4 19. Bxb4 Re8 20. Bh3 e6 21. Qf4 Ra7
22. Bf1 Bf8 23. a3 Ba8 24. Bxf8 Rxf8 25. Rc3 Kg7 26. Rac1 Qe7 27. g4 h6 28. h4
Nh7 29. Kg2 Qxh4 30. Rc7 Rxc7 31. Rxc7 Qf6 32. Qxf6+ Nxf6 33. e3 Ne8 34. Rd7 Nf6
35. Ra7 g5 36. Bd3 Kg8 37. Bb5 h5 38. gxh5 Kg7 39. h6+ Kxh6 40. Nxf7+ Kh5 41.
Ne5 g4 42. fxg4+ Kg5 43. Rg7+ Kh6 44. Rg6+ Kh7 45. Bd3 Kh8 46. Rh6+ Kg7 47. Rg6+
Kh8 48. g5 Ne4 49. Bxe4 dxe4 50. Rh6+ Kg7 51. Rg6+ Kh8 52. Rxe6 1-0

[Event "ch-RUS Blitz 2016"]
[Site "Sochi RUS"]
[Date "2016.10.04"]
[Round "7.3"]
[White "Dreev, Aleksey"]
[Black "Artemiev, Vladislav"]
[Result "0-1"]
[WhiteTitle "GM"]
[BlackTitle "GM"]
[WhiteElo "2660"]
[BlackElo "2663"]
[WhiteFideId "4100107"]
[BlackFideId "24101605"]
[EventDate "2016.10.04"]

1. d4 d5 2. c4 c6 3. Nf3 Nf6 4. e3 g6 5. Nc3 Bg7 6. Be2 O-O 7. O-O Bg4 8. cxd5
cxd5 9. Qb3 b6 10. h3 Bc8 11. Bd2 Nc6 12. Rfc1 Bb7 13. a4 Rc8 14. a5 Ne4 15.
axb6 axb6 16. Na4 e5 17. Qxb6 Rb8 18. Rxc6 Bxc6 19. Qxc6 exd4 20. exd4 Nxd2 21.
Nxd2 Bxd4 22. Nf3 Bxb2 23. Rd1 Bg7 24. Qxd5 Qe7 25. Re1 Qb4 26. Qd1 Rfd8 27. Qc2
Rbc8 28. Qa2 Re8 29. Rf1 Re4 30. Bd1 Rc1 31. Qd2 Rc3 0-1

[Event "ch-RUS Blitz 2016"]
[Site "Sochi RUS"]
[Date "2016.10.04"]
[Round "7.4"]
[White "Andreikin, Dmitry"]
[Black "Paravyan, David"]
[Result "1-0"]
[WhiteTitle "GM"]
[BlackTitle "IM"]
[WhiteElo "2736"]
[BlackElo "2528"]
[WhiteFideId "4158814"]
[BlackFideId "4194985"]
[EventDate "2016.10.04"]

1. e4 e6 2. d4 d5 3. Nd2 c5 4. Ngf3 Nf6 5. exd5 Nxd5 6. c4 Nf6 7. dxc5 Bxc5 8.
Be2 b6 9. O-O Bb7 10. Nb3 Bd6 11. Bg5 Qc7 12. Nbd4 a6 13. Rc1 Nbd7 14. Bh4 O-O
15. Bg3 Bxg3 16. hxg3 Rfd8 17. Qd2 Nc5 18. Qe3 e5 19. Nf5 Be4 20. N3h4 g6 21. b4
Ne6 22. Nh6+ Kg7 23. Ng4 Nxg4 24. Bxg4 f5 25. Bf3 Rd3 26. Qe1 Bxf3 27. Nxf3 e4
28. Nd2 Nd4 29. Nb3 Nxb3 30. axb3 Re8 31. Rc3 Red8 32. Qa1 Qe5 33. Rxd3 Qxa1 34.
Rxa1 exd3 35. Kf1 a5 36. bxa5 bxa5 37. Ke1 Rb8 38. Ra3 Kf6 39. Kd2 a4 40. bxa4
Ke5 41. Kxd3 Kd6 42. a5 Kc5 43. a6 Ra8 44. a7 h5 45. Kc3 g5 46. Ra5+ Kc6 47.
Rxf5 Rxa7 48. Rxg5 Ra2 49. Rf5 Kd6 50. Kd4 Ke6 51. Rf4 Rd2+ 52. Kc5 Ke5 53. Kc6
h4 54. Rxh4 Rxf2 55. Rh5+ Kd4 56. c5 Rxg2 57. Rg5 Rf2 58. Kb6 Rb2+ 59. Kc7 Rb5
60. Kd6 Ke4 61. Rg4+ Kf5 62. Rf4+ 1-0

[Event "ch-RUS Blitz 2016"]
[Site "Sochi RUS"]
[Date "2016.10.04"]
[Round "7.5"]
[White "Matlakov, Maxim"]
[Black "Timofeev, Artyom"]
[Result "1-0"]
[WhiteTitle "GM"]
[BlackTitle "GM"]
[WhiteElo "2691"]
[BlackElo "2601"]
[WhiteFideId "4168003"]
[BlackFideId "4140419"]
[EventDate "2016.10.04"]

1. d4 d5 2. Nf3 e6 3. Bf4 Nf6 4. e3 c5 5. Nbd2 Nc6 6. c3 Bd6 7. Bg3 O-O 8. Bb5
Qe7 9. Bxc6 bxc6 10. Qa4 Bxg3 11. hxg3 cxd4 12. cxd4 Bd7 13. Rc1 Rfb8 14. Nb3
Ne4 15. O-O Be8 16. Rc2 a5 17. Rfc1 Qb4 18. Qa3 f6 19. Ne1 a4 20. Qxb4 Rxb4 21.
Nd2 Nd6 22. Nd3 Rb6 23. b4 axb3 24. Nxb3 Nc4 25. Ndc5 e5 26. Ra1 Ra3 27. e4 Bg6
28. f3 Ne3 29. Rcc1 dxe4 30. fxe4 h6 31. dxe5 fxe5 32. Nd7 Rb5 33. Ndc5 Bf7 34.
Rc3 Ng4 35. Rf3 Nf6 36. Rc1 Rxa2 37. Rcc3 Rb2 38. Nc1 Ng4 39. Rf1 Rd2 40. N1d3
Ra5 41. Nb4 Bg6 42. Nb3 Ra4 43. Nxd2 Rxb4 44. Rxc6 Bxe4 45. Rc4 Rxc4 46. Nxc4
Bd3 47. Rc1 e4 48. Nb2 Bb5 49. Rc5 Bd7 50. Rd5 Be6 51. Rd4 Bf5 52. Nc4 Nf6 53.
Ne3 Bg6 54. g4 Kf7 55. Ra4 Ke6 56. Kh2 h5 57. gxh5 Bxh5 58. Kg3 Be8 59. Ra6+ Ke5
60. Ra5+ Kd4 61. Nf5+ Kd3 62. Ra3+ Kd2 63. Ra2+ Kd3 64. Ra3+ Kd2 65. Kf4 g6 66.
Ra2+ Kd3 67. Ra3+ Kd2 68. Nd6 Bc6 69. Nc4+ Ke2 70. Ne5 Bd5 71. Nxg6 Kf2 72. g4
Bc4 73. Ne5 Be2 74. g5 Nh7 75. g6 Nf6 76. Kg5 Ng8 77. Ra8 Ne7 78. g7 Bd1 79. Kf6
Nd5+ 80. Kf5 Bb3 81. Kxe4 Ne7 82. Kf4 Ng8 83. Kg5 Ke3 84. Ng4+ Ke4 85. Nf6+ Nxf6
86. Kxf6 1-0

[Event "ch-RUS Blitz 2016"]
[Site "Sochi RUS"]
[Date "2016.10.04"]
[Round "7.6"]
[White "Chigaev, Maksim"]
[Black "Bocharov, Dmitry"]
[Result "0-1"]
[WhiteTitle "IM"]
[BlackTitle "GM"]
[WhiteElo "2551"]
[BlackElo "2611"]
[WhiteFideId "4108116"]
[BlackFideId "4138716"]
[EventDate "2016.10.04"]

1. e4 c5 2. Be2 Nc6 3. f4 g6 4. Nf3 Bg7 5. c3 Nf6 6. d3 O-O 7. O-O d6 8. Kh1 b5
9. a3 a5 10. Be3 Bb7 11. Nbd2 b4 12. Qc2 Rc8 13. Bg1 e6 14. Rad1 Nh5 15. g3 f5
16. Ng5 Qe7 17. Rde1 h6 18. Nh3 Nf6 19. Bf3 e5 20. Bg2 Ng4 21. Nf3 fxe4 22. Nh4
Qe6 23. dxe4 Ne7 24. axb4 cxb4 25. Qd3 bxc3 26. bxc3 Rcd8 27. f5 gxf5 28. exf5
Bxg2+ 29. Kxg2 Qb3 30. Rb1 Qa4 31. Qe2 Qc6+ 32. Qf3 Nd5 33. Kh1 Ngf6 34. Ng6
Rfe8 35. Nf2 Qxc3 36. Qe2 Qc6 37. Qf3 e4 38. Qg2 Ne3 39. Qh3 Nxf1 40. Qxf1 e3+
41. Qg2 Qxg2+ 42. Kxg2 exf2 43. Bxf2 a4 44. Rb7 Ra8 45. Bd4 a3 46. Nf4 a2 47.
Ba1 Nh5 48. Nxh5 Bxa1 49. f6 Rf8 50. Rg7+ Kh8 51. Rg6 Ra7 52. Rxh6+ Rh7 0-1

[Event "ch-RUS Blitz 2016"]
[Site "Sochi RUS"]
[Date "2016.10.04"]
[Round "7.8"]
[White "Zakhartsov, Vladimir"]
[Black "Khismatullin, Denis"]
[Result "0-1"]
[WhiteTitle "IM"]
[BlackTitle "GM"]
[WhiteElo "2452"]
[BlackElo "2617"]
[WhiteFideId "4145097"]
[BlackFideId "4142578"]
[EventDate "2016.10.04"]

1. e4 c5 2. Nf3 d6 3. d4 cxd4 4. Nxd4 Nf6 5. Nc3 a6 6. h3 e5 7. Nde2 h5 8. Ng1
Be7 9. a4 Qc7 10. Nf3 Be6 11. Ng5 Bc4 12. Bd3 Nbd7 13. O-O Rc8 14. Be3 O-O 15.
Qd2 Rfe8 16. Rfc1 Nf8 17. b3 Be6 18. Nxe6 Nxe6 19. Nd5 Nxd5 20. exd5 Nf8 21. a5
e4 22. Bxe4 Bf6 23. Ra4 Bc3 24. Qd3 Bxa5 25. Bf5 Rcd8 26. Rca1 Bb6 27. Bg5 f6
28. Bf4 Qf7 29. Be4 g6 30. Bh6 f5 31. Bf3 Nd7 32. Rb4 Ne5 33. Qd1 Bc5 34. Rba4
Qf6 35. Bf4 Re7 36. h4 Nf7 37. Bc1 Rde8 38. Bf4 Qxh4 39. Bxd6 Qxf2+ 0-1

[Event "ch-RUS Blitz 2016"]
[Site "Sochi RUS"]
[Date "2016.10.04"]
[Round "7.9"]
[White "Bologan, Victor"]
[Black "Evdokimov, Alexander A."]
[Result "1-0"]
[WhiteTitle "GM"]
[BlackTitle "GM"]
[WhiteElo "2640"]
[BlackElo "2495"]
[WhiteFideId "13900048"]
[BlackFideId "4139275"]
[EventDate "2016.10.04"]

1. e4 c6 2. d4 d5 3. e5 Bf5 4. Nf3 e6 5. Be2 Nd7 6. O-O h6 7. Nbd2 Ne7 8. Nb3
Bh7 9. a4 Ng6 10. a5 a6 11. c4 dxc4 12. Bxc4 Ne7 13. Nfd2 Nd5 14. Qf3 Be7 15.
Ne4 O-O 16. Re1 Kh8 17. Bd2 Bg6 18. Rac1 Rc8 19. Qg3 Bh7 20. Nd6 Rb8 21. Nc5 1-0

[Event "ch-RUS Blitz 2016"]
[Site "Sochi RUS"]
[Date "2016.10.04"]
[Round "7.10"]
[White "Riazantsev, Alexander"]
[Black "Romanov, Evgeny"]
[Result "1-0"]
[WhiteTitle "GM"]
[BlackTitle "GM"]
[WhiteElo "2651"]
[BlackElo "2619"]
[WhiteFideId "4125029"]
[BlackFideId "4148843"]
[EventDate "2016.10.04"]

1. d4 Nf6 2. c4 e6 3. Nf3 b6 4. a3 Bb7 5. Nc3 g6 6. Qc2 d5 7. Bg5 Bg7 8. cxd5
exd5 9. e3 O-O 10. Be2 h6 11. Bh4 Nbd7 12. O-O Qe7 13. h3 a6 14. Rfe1 Qe6 15.
Bg3 Rac8 16. Ne5 c5 17. Rad1 cxd4 18. exd4 Ne4 19. Nxd7 Qxd7 20. Qb3 Nxg3 21.
fxg3 Qd6 22. g4 Rfe8 23. Kh1 Re3 24. Bf3 Rxf3 25. gxf3 Qg3 26. Qc2 Qxh3+ 27. Kg1
Qxf3 28. Qg2 Qf4 29. Rf1 Bxd4+ 30. Kh1 Qe5 31. Qf3 Rc7 32. Rfe1 Qg7 33. Nxd5
Bxd5 34. Qxd5 1-0

[Event "ch-RUS Blitz 2016"]
[Site "Sochi RUS"]
[Date "2016.10.04"]
[Round "7.11"]
[White "Khairullin, Ildar"]
[Black "Matinian, Nikita"]
[Result "1/2-1/2"]
[WhiteTitle "GM"]
[BlackTitle "IM"]
[WhiteElo "2630"]
[BlackElo "2495"]
[WhiteFideId "4151348"]
[BlackFideId "24129100"]
[EventDate "2016.10.04"]

1. e4 c5 2. Nf3 d6 3. Bb5+ Nd7 4. O-O a6 5. Bd3 Ngf6 6. c3 g6 7. Bc2 Ne5 8. d4
Nxf3+ 9. Qxf3 Bg7 10. dxc5 dxc5 11. Rd1 Qc7 12. h3 O-O 13. a4 Be6 14. a5 Rfd8
15. Rxd8+ Rxd8 16. Bf4 Qc6 17. Qe2 c4 18. Nd2 Nd7 19. Nf3 Nc5 20. Be3 Nd3 21.
Nd4 Bxd4 22. cxd4 Qxe4 23. Qd2 Bf5 24. b3 cxb3 25. Bxb3 Ne5 26. f3 Qc6 27. Qb4
Nxf3+ 28. gxf3 Qxf3 29. Qxe7 Qg3+ 30. Kh1 Qxh3+ 31. Kg1 Qg3+ 32. Kh1 Rd7 33.
Qe8+ Kg7 34. Ra2 Qh4+ 35. Kg1 Re7 36. Bh6+ Kxh6 37. Qf8+ Kh5 38. Bd1+ Bg4 39.
Rh2 Re1+ 40. Kg2 Rxd1 41. Rxh4+ Kxh4 42. Qh6+ Bh5 43. Qf4+ Bg4 44. Qh6+ Bh5 45.
Qf4+ Bg4 1/2-1/2

[Event "ch-RUS Blitz 2016"]
[Site "Sochi RUS"]
[Date "2016.10.04"]
[Round "7.12"]
[White "Alekseev, Evgeny"]
[Black "Hasangatin, Ramil"]
[Result "1-0"]
[WhiteTitle "GM"]
[BlackTitle "GM"]
[WhiteElo "2636"]
[BlackElo "2505"]
[WhiteFideId "4138147"]
[BlackFideId "4122160"]
[EventDate "2016.10.04"]

1. d4 g6 2. Bf4 Bg7 3. e3 d6 4. Nf3 Nf6 5. h3 O-O 6. Be2 b6 7. O-O Bb7 8. c3
Nbd7 9. Bh2 c5 10. Nbd2 Qc7 11. Bd3 Bc6 12. Qe2 Qb7 13. e4 c4 14. Bxc4 Bxe4 15.
Nxe4 Nxe4 16. Ba6 Qd5 17. c4 Qf5 18. Bb7 Ndf6 19. g4 Qe6 20. Rfe1 d5 21. cxd5
Qd7 22. Bc6 Qd8 23. g5 Nxg5 24. Nxg5 Nxd5 25. Bxa8 Qxa8 26. Nf3 Rd8 27. Rac1 Qb7
28. Be5 Bh6 29. Rc2 Qd7 30. Kg2 Qf5 31. Qe4 Qd7 32. Bg3 1-0

[Event "ch-RUS Blitz 2016"]
[Site "Sochi RUS"]
[Date "2016.10.04"]
[Round "7.13"]
[White "Sakaev, Konstantin"]
[Black "Bryzgalin, Kirill"]
[Result "1/2-1/2"]
[WhiteTitle "GM"]
[BlackTitle "GM"]
[WhiteElo "2594"]
[BlackElo "2424"]
[WhiteFideId "4104226"]
[BlackFideId "4133285"]
[EventDate "2016.10.04"]

1. d4 d5 2. c4 c6 3. Nf3 Nf6 4. g3 Bf5 5. Nc3 e6 6. Nh4 Bg4 7. h3 Bh5 8. Qb3 Qb6
9. g4 Bg6 10. Nxg6 hxg6 11. Bg2 Be7 12. g5 Nfd7 13. e4 dxe4 14. Nxe4 Na6 15. Be3
Rh4 16. Qc2 Qa5+ 17. Ke2 Qf5 18. Rad1 Rd8 19. a3 Nc7 20. Rd2 Nb6 21. Ng3 Qxc2
22. Rxc2 Rdxd4 23. Bxd4 Rxd4 24. h4 Nxc4 25. Rd1 Rxh4 26. Rh1 Rxh1 27. Bxh1 Nd6
28. f4 Kd7 29. Bg2 Nd5 30. Kf3 Nb5 31. Rd2 Bd6 32. Ne2 a5 33. Rd3 a4 34. Bf1
Nbc7 35. Rd4 b5 36. Re4 Na6 37. Rd4 Nc5 38. Nc1 Kc7 39. Be2 Ne7 40. Rd1 Nd5 41.
Rd4 Kb6 42. Bd1 Kc7 43. Be2 Nd7 44. Re4 Bc5 45. Nd3 Bd6 46. Bd1 Nc5 47. Nxc5
Bxc5 48. Bc2 Kd6 49. Re2 Bd4 50. Be4 c5 51. Rh2 c4 52. Rd2 Kc5 53. Rh2 Kd6 54.
Rd2 Bc5 55. Rh2 Ke7 56. Rh8 Bd4 57. Rb8 Nc7 58. Bc6 Bxb2 59. Bxb5 Nxb5 60. Rxb5
c3 61. Rc5 Kd6 62. Rc8 e5 63. Rd8+ Kc7 64. Rd5 exf4 65. Kxf4 Kc6 66. Rd8 Kc5 67.
Ke4 Kc4 68. Rc8+ Kb3 69. Kd3 Kxa3 70. Rb8 Bc1 71. Rb5 Bd2 72. Kc2 f6 73. gxf6
gxf6 74. Rb6 g5 75. Rxf6 Kb4 76. Rb6+ Kc4 77. Ra6 Kd4 78. Rxa4+ Ke3 79. Rg4 Kf3
80. Rxg5 Ke4 1/2-1/2

[Event "ch-RUS Blitz 2016"]
[Site "Sochi RUS"]
[Date "2016.10.04"]
[Round "7.14"]
[White "Ivanov, Alexander Al."]
[Black "Pridorozhni, Aleksei"]
[Result "0-1"]
[WhiteTitle "GM"]
[BlackTitle "GM"]
[WhiteElo "2400"]
[BlackElo "2579"]
[WhiteFideId "4126360"]
[BlackFideId "4127870"]
[EventDate "2016.10.04"]

1. e4 e6 2. d3 d5 3. Qe2 Nf6 4. Nf3 c5 5. g3 Nc6 6. Bg2 g6 7. O-O Bg7 8. Re1 O-O
9. c3 b6 10. Qc2 a5 11. a4 Ba6 12. Bf1 c4 13. dxc4 dxe4 14. Nd4 Nxd4 15. cxd4
Qxd4 16. Be3 Qd8 17. Nc3 Ng4 18. Nxe4 Nxe3 19. fxe3 Qe7 20. Rad1 Rfd8 21. b3 f5
22. Nc3 Qc5 23. Bg2 Rac8 24. Kf2 g5 25. Ne2 b5 26. Rxd8+ Rxd8 27. axb5 Bxb5 28.
Rd1 Rc8 0-1

[Event "ch-RUS Blitz 2016"]
[Site "Sochi RUS"]
[Date "2016.10.04"]
[Round "7.15"]
[White "Moskalenko, Alexander"]
[Black "Moiseenko, Vadim"]
[Result "1-0"]
[WhiteTitle "IM"]
[BlackTitle "IM"]
[WhiteElo "2490"]
[BlackElo "2528"]
[WhiteFideId "4155351"]
[BlackFideId "4123700"]
[EventDate "2016.10.04"]

1. d4 Nf6 2. c4 b6 3. Nc3 Bb7 4. Nf3 e6 5. g3 d5 6. cxd5 Nxd5 7. Bg2 Nd7 8. Nxd5
Bxd5 9. O-O Be7 10. b3 O-O 11. Bb2 a5 12. Nd2 Bxg2 13. Kxg2 Nf6 14. Qc2 Qd5+ 15.
Nf3 Rfc8 16. Rfd1 Ne4 17. Qc4 c6 18. a4 b5 19. Qxd5 cxd5 20. axb5 Rcb8 21. Nd2
Rxb5 22. Nxe4 dxe4 23. Bc3 Rxb3 24. Bxa5 e3 25. f4 h5 26. Kf3 Bf6 27. h3 Ra6 28.
g4 hxg4+ 29. hxg4 g5 30. fxg5 Bxg5 31. Bc7 Rxa1 32. Rxa1 Bf6 33. Ra4 Kg7 34. Bf4
Kg6 35. Rc4 Ra3 36. Ke4 Be7 37. Rc6 Bf6 38. Rc2 Be7 39. Rc6 Bf6 40. Rb6 Kg7 41.
g5 Be7 42. Rb7 Bf8 43. Bxe3 Kg6 44. Bf4 Bg7 45. e3 Ra5 46. Rb8 Rf5 47. Rc8 Ra5
48. Rg8 Kh7 49. Rc8 Kg6 50. Rc7 Rb5 51. Rc5 Rb3 52. Rc6 Rb5 53. Kf3 Ra5 54. Kg4
Rb5 55. Rc8 Ra5 56. Kf3 Rb5 57. Ke4 Ra5 58. Rd8 Ra4 59. Rd7 Rb4 60. Kf3 Rb5 61.
Ra7 Rd5 62. Ra6 Rb5 63. Rc6 Ra5 64. Ke4 Rb5 65. Rc5 Rb3 66. Be5 Bxe5 67. Rxe5
Rb1 68. Rc5 Rg1 69. Kf4 Rf1+ 70. Ke5 Rf5+ 71. Kd6 Rf3 72. e4 Rf4 73. Re5 Rf3 74.
d5 Rd3 75. Kc6 exd5 76. exd5 f6 77. gxf6 Kxf6 78. Re1 Kf7 79. d6 1-0

[Event "ch-RUS Blitz 2016"]
[Site "Sochi RUS"]
[Date "2016.10.04"]
[Round "7.16"]
[White "Grachev, Boris"]
[Black "Gochelashvili, David"]
[Result "1/2-1/2"]
[WhiteTitle "GM"]
[BlackTitle "IM"]
[WhiteElo "2628"]
[BlackElo "2425"]
[WhiteFideId "4129199"]
[BlackFideId "4161203"]
[EventDate "2016.10.04"]

1. e4 d5 2. exd5 Qxd5 3. d4 e5 4. Nf3 Nc6 5. Nc3 Bb4 6. Bd2 Bxc3 7. Bxc3 e4 8.
Ne5 Nxe5 9. dxe5 Ne7 10. Qe2 Be6 11. Rd1 Qc6 12. Qb5 Qxb5 13. Bxb5+ c6 14. Be2
Nd5 15. Bd2 O-O-O 16. O-O Rd7 17. c4 Ne7 18. Bc3 Rhd8 19. b3 c5 20. Rxd7 Rxd7
21. Rd1 Nc6 22. f3 exf3 23. gxf3 Rxd1+ 24. Bxd1 Bf5 25. Kf2 Kd7 26. f4 Nb4 27.
a3 Nc2 28. a4 b6 29. Bf3 a5 30. Bd5 Ke7 31. Ke2 Nd4+ 32. Bxd4 cxd4 33. Kd2 h6
34. h4 g6 35. Bf3 Kd7 36. Bd5 Ke7 37. Bf3 1/2-1/2

[Event "ch-RUS Blitz 2016"]
[Site "Sochi RUS"]
[Date "2016.10.04"]
[Round "7.17"]
[White "Popov, Ivan RUS"]
[Black "Lugovskoy, Maxim"]
[Result "1-0"]
[WhiteTitle "GM"]
[BlackTitle "IM"]
[WhiteElo "2596"]
[BlackElo "2436"]
[WhiteFideId "4170350"]
[BlackFideId "24126454"]
[EventDate "2016.10.04"]

1. e4 e6 2. d4 d5 3. Nc3 Bb4 4. exd5 exd5 5. Bd3 Nc6 6. a3 Bxc3+ 7. bxc3 Nge7 8.
Qh5 Be6 9. Rb1 b6 10. Ne2 Qd7 11. Ng3 O-O-O 12. O-O g6 13. Qf3 Nf5 14. Nxf5 Bxf5
15. Bxf5 Qxf5 16. Qxf5+ gxf5 17. Bf4 Rhe8 18. Rfe1 Re4 19. Rxe4 fxe4 20. f3 f5
21. Kf2 Na5 22. fxe4 fxe4 23. g4 Nc4 24. a4 Kd7 25. Kg3 Rf8 26. h4 c6 27. g5 Ke6
28. Kg4 Na3 29. Rc1 b5 30. axb5 Nxb5 31. Ra1 Nxc3 32. Rxa7 Ne2 33. Be5 Ng1 34.
Rxh7 e3 35. Rh6+ Kd7 36. Rd6+ Ke7 37. Rxc6 e2 38. Bg3 Rf3 39. Be1 Rf1 40. Bb4+
Kf7 41. Rc7+ Kg8 42. Re7 Rb1 43. Bc3 Rc1 44. Kf5 Rxc2 45. Kg6 Kf8 46. Bb4 Rc6+
47. Re6+ Rd6 1-0

[Event "ch-RUS Blitz 2016"]
[Site "Sochi RUS"]
[Date "2016.10.04"]
[Round "7.18"]
[White "Shaposhnikov, Evgeny"]
[Black "Domogaev, Sergey"]
[Result "1/2-1/2"]
[WhiteTitle "GM"]
[BlackTitle "GM"]
[WhiteElo "2557"]
[BlackElo "2435"]
[WhiteFideId "4122232"]
[BlackFideId "24103608"]
[EventDate "2016.10.04"]

1. e4 a6 2. d4 c5 3. d5 d6 4. a4 Nf6 5. Nc3 g6 6. Nf3 Bg7 7. h3 O-O 8. Bc4 Nbd7
9. O-O Rb8 10. Re1 Ne8 11. a5 b5 12. axb6 Rxb6 13. Qd3 Nc7 14. b3 Nb5 15. Bb2
Nd4 16. Nxd4 Bxd4 17. Na4 Ne5 18. Qe2 Bxb2 19. Nxb2 Qc7 20. f4 Nxc4 21. Nxc4 Rb4
22. Qd3 Bd7 23. Nd2 Bb5 24. c4 Bd7 25. Rxa6 Rb6 26. Ra3 Rfb8 27. Rea1 f6 28. Qe3
R6b7 29. Qc3 Qd8 30. e5 Qf8 31. exd6 exd6 32. Ne4 Kg7 33. Ra7 Qe7 34. Rxb7 Rxb7
35. Re1 Qf8 36. Nxf6 1/2-1/2

[Event "ch-RUS Blitz 2016"]
[Site "Sochi RUS"]
[Date "2016.10.04"]
[Round "7.19"]
[White "Vastrukhin, Oleg"]
[Black "Gabrielian, Artur"]
[Result "0-1"]
[BlackTitle "GM"]
[WhiteElo "2392"]
[BlackElo "2524"]
[WhiteFideId "4192770"]
[BlackFideId "4131002"]
[EventDate "2016.10.04"]

1. Nf3 Nf6 2. g3 g6 3. Bg2 Bg7 4. O-O O-O 5. c4 d6 6. Nc3 e5 7. d3 Nc6 8. Rb1 a5
9. a3 Re8 10. e4 Bg4 0-1

[Event "ch-RUS Blitz 2016"]
[Site "Sochi RUS"]
[Date "2016.10.04"]
[Round "7.20"]
[White "Shcherbin, Matvei"]
[Black "Kryakvin, Dmitry"]
[Result "1/2-1/2"]
[WhiteTitle "IM"]
[BlackTitle "GM"]
[WhiteElo "2366"]
[BlackElo "2554"]
[WhiteFideId "24125164"]
[BlackFideId "4153278"]
[EventDate "2016.10.04"]

1. e4 e6 2. d4 d5 3. e5 c5 4. c3 Nc6 5. Nf3 Bd7 6. Be2 f6 7. O-O fxe5 8. Nxe5
Nxe5 9. dxe5 Qc7 10. f4 O-O-O 11. Be3 Ne7 12. Bg4 h5 13. Bh3 g6 14. Nd2 Nf5 15.
Bxf5 gxf5 16. h4 Be7 17. Nf3 Bc6 18. Qe1 Rhg8 19. Ng5 Bxg5 20. fxg5 d4 21. cxd4
cxd4 22. Bf4 Qd7 23. Qa5 b6 24. Qa6+ Kb8 25. Rf2 Qd5 26. Rc1 Rc8 27. Qc4 Qxc4
28. Rxc4 d3 29. Rc3 Be4 30. Bd2 Kb7 31. a3 Rc5 32. Rxc5 bxc5 33. Bc3 Kc6 34. Kf1
Kd5 35. Ke1 Rb8 36. g3 Kc4 37. Kd2 a5 38. Kc1 a4 39. Rf4 Kd5 40. Kd2 Rc8 1/2-1/2

[Event "ch-RUS Blitz 2016"]
[Site "Sochi RUS"]
[Date "2016.10.04"]
[Round "8.1"]
[White "Ponkratov, Pavel"]
[Black "Morozevich, Alexander"]
[Result "1/2-1/2"]
[WhiteTitle "GM"]
[BlackTitle "GM"]
[WhiteElo "2589"]
[BlackElo "2683"]
[WhiteFideId "4157800"]
[BlackFideId "4116992"]
[EventDate "2016.10.04"]

1. d4 e6 2. c4 Bb4+ 3. Nc3 f5 4. Qb3 a5 5. g3 Nf6 6. Bg2 O-O 7. Nf3 b6 8. Ne5
Ra7 9. O-O Bb7 10. d5 Na6 11. Nb5 Ra8 12. a3 Bd6 13. Nxd6 cxd6 14. Nf3 Nc5 15.
Qd1 e5 16. b3 b5 17. Nd2 Ba6 18. b4 Na4 19. Qc2 Qe8 20. Qxf5 bxc4 21. Qc2 Nb6
22. Ne4 Qg6 23. Nxf6+ gxf6 24. e4 Nxd5 25. Qd2 Nc7 26. Qxd6 Nb5 27. Qxd7 Nd4 28.
Be3 Rfd8 29. Qe7 c3 30. Rfc1 Rac8 31. Bxd4 exd4 32. Bh3 Bc4 33. Bf5 Qf7 34.
Qxf7+ Kxf7 35. Bxc8 Rxc8 36. bxa5 Bb5 37. a4 Bd3 38. f3 Ba6 39. Kf2 d3 40. Ke3
d2 41. Rd1 c2 42. Rxd2 c1=Q 43. Rxc1 Rxc1 44. Rd6 Bf1 45. a6 Rc4 46. Rd7+ Kg6
47. Rd1 Bh3 48. Ra1 Rc7 49. g4 h5 50. Kf2 hxg4 51. Kg3 f5 52. exf5+ Kxf5 53. Rb1
gxf3 54. Kxf3 1/2-1/2

[Event "ch-RUS Blitz 2016"]
[Site "Sochi RUS"]
[Date "2016.10.04"]
[Round "8.2"]
[White "Rakhmanov, Aleksandr"]
[Black "Dubov, Daniil"]
[Result "0-1"]
[WhiteTitle "GM"]
[BlackTitle "GM"]
[WhiteElo "2662"]
[BlackElo "2648"]
[WhiteFideId "4173708"]
[BlackFideId "24126055"]
[EventDate "2016.10.04"]

1. c4 b6 2. Nc3 Bb7 3. e4 e6 4. Nf3 Bb4 5. Bd3 Nf6 6. Qe2 d6 7. O-O O-O 8. Bc2
c5 9. Nd1 b5 10. a3 Ba5 11. cxb5 a6 12. bxa6 Bxa6 13. d3 Nc6 14. Bd2 Bxd2 15.
Qxd2 Rb8 16. Rb1 d5 17. exd5 Nxd5 18. Nc3 Nxc3 19. bxc3 Qa5 20. a4 Ne7 21. c4
Qc7 22. Qe3 Ng6 23. Rfe1 Rfe8 24. h4 Rxb1 25. Bxb1 Bb7 26. h5 Nf4 27. Qe5 Qxe5
28. Rxe5 Bxf3 29. gxf3 Rb8 30. Bc2 Rb2 31. Rxc5 f5 32. a5 Rxc2 33. Re5 0-1